Sports Quiz

Random Sports or Football Quiz

Find the NFL Hall of Fame Inductees (Coaches) Quiz Stats

 Plays Quiz Updated Dec 26, 2019

Support Sporcle.
Go Orange.
Score 0/16 Timer 03:00
0 Plays Today
% Correct
Vince Lombardi (1971)
91.3%
Tony Dungy (2016)
90.5%
John Madden (2006)
89.5%
Paul Brown (1967)
87.3%
Don Shula (1997)
86.6%
Bill Parcells (2013)
86.3%
Tom Landry (1990)
85.5%
Joe Gibbs (1996)
82%
% Correct
Bill Walsh (1993)
81.1%
Chuck Noll (1993)
81%
Marv Levy (2001)
80.2%
Hank Stram (2003)
76.1%
Bud Grant (1994)
75.2%
George Allen (2002)
73.4%
Weeb Ewbank (1978)
70.3%
Earl (Curly) Lambeau (1963)
66.3%

You're not logged in!

Compare scores with friends on all Sporcle quizzes.
OR
Log In

From the Vault

NFL Defensive POTY

by Kicking222

Before going on Dancing with the Stars, it helps to win the NFL Defensive Player of the Year.
Remove Ads.
Support Sporcle.
Get the best of Sporcle when you Go Orange. This ad-free experience offers more features, more stats, and more fun while also helping to support Sporcle. Thank you for becoming a member.

Show Comments

Extras

Top Quizzes Today


Score Distribution

Your Account Isn't Verified!

In order to create a playlist on Sporcle, you need to verify the email address you used during registration. Go to your Sporcle Settings to finish the process.

Report this User

Report this user for behavior that violates our Community Guidelines.

Details: